Drop Dead Diva Characters Quiz Stats

 Plays Quiz not verified by Sporcle

Challenge
Share
Tweet
Score 0/16 Timer 03:00
0 Plays Today
Pic# Character Name % Correct
5Jane Bingum
91.5%
1Kim Kaswell
91.2%
3Deb Dobkins
89.5%
2Owen French
75.9%
8Jay Parker
73.2%
6Stacey Barrett
71.9%
14Grayson Kent
68.5%
16Fred
65.4%
Pic# Character Name % Correct
7Teri Lee
61%
9Vanessa Hemmings
42%
11Paul
42%
13Luke Daniels
40.7%
12Bobbie Dobkins
39%
10Elaine Bingum
35.9%
4Judge Madeline Summers
32.5%
15Tony Nicastro
21.7%

You're not logged in!

Compare scores with friends on all Sporcle quizzes.
OR
Log In

You Might Also Like...

Show Comments

Extras

Top Quizzes Today


Score Distribution

Your Account Isn't Verified!

In order to create a playlist on Sporcle, you need to verify the email address you used during registration. Go to your Sporcle Settings to finish the process.

Report this User

Report this user for behavior that violates our Community Guidelines.

Details: